Quantitative methods in sociolinguistics / (رقم التسجيلة. 14353)

تفاصيل مارك
000 -الفاتح
حقل البيانات ثابتة الطول 01656cam a2200397 a 4500
001 - رقم الضبط
رقم الضبط 15981868
003 - محدد رقم الضبط
رقم الضبط OSt
005 - وقت وتاريخ اخر تعامل مع التسجيلة
رقم الضبط 20150408113919.0
008 - عناصر البيانات ثابتة الطول - معلومات عامة
حقل البيانات ثابتة الطول 091112s2009 enka b 001 0 eng d
010 ## - رقم ضبط مكتبة الكونجرس
رقم ضبط مكتبة الكونجرس 2009517525
015 ## - رقم الببليوجرافية الوطنية
رقم الببليوجرافية الوطنية GBA919436
المصدر bnb
016 7# - رقم ضبط الوكاله الوطنية للضبط الببليوجرافي
رقم ضبط التسجيلة 014915082
المصدر Uk
020 ## - الرقم الدولى المعيارى للكتب
الرقم الدولى المعيارى للكتاب 9780230579170
020 ## - الرقم الدولى المعيارى للكتب
الرقم الدولى المعيارى للكتاب 0230579175
020 ## - الرقم الدولى المعيارى للكتب
الرقم الدولى المعيارى للكتاب 9780230579187 (pbk.)
020 ## - الرقم الدولى المعيارى للكتب
الرقم الدولى المعيارى للكتاب 0230579183 (pbk.)
035 ## - رقم ضبط النظام
رقم ضبط النظام (OCoLC)ocn432587682
040 ## - مصدر الفهرسة
وكالة الفهرسة الأصلية BWK
وكالة النسخ BWK
وكالة التعديل UAT
-- UKM
-- DLC
042 ## - رمز التحقق
رمز التحقق lccopycat
050 00 - رقم طلب مكتبة الكونجرس
رقم التصنيف P40
رقم المادة .M34 2009
082 ## - رقم تصنيف ديوى العشرى
رقم الطبعة 21
رقم التصنيف 306.44072
رقم المادة MRQ
100 1# - المدخل الرئيسى - إسم شخصى
الإسم الشخصى Macaulay, Ronald K. S.
9 (RLIN) 4096
245 10 - بيان العنوان
العنوان Quantitative methods in sociolinguistics /
بيان المسئوليه,etc Ronald K.S. Macaulay.
260 ## - PUBLICATION, DISTRIBUTION, ETC. (IMPRINT)
مكان الناشر او الموزع Houndmills, Basingstoke :
-- New York :
اسم الناشر او الموزع Palgrave Macmillan,
تاريخ النشر أو التوزيع c2009.
300 ## - الوصف المادى
التعداد xii, 138 p. :
تفاصيل ماديه اخرى للوعاء ill. ;
أبعاد الوعاء 22 cm.
504 ## - تبصرة ببليوجرافية
تبصرة ببليوجرافية,الخ Includes bibliographical references (p. 115-130) and indexes.
505 0# - تبصرة محتويات-الفهرس
تبصرة المحتويات المصاغة Social catagories -- The nature of data -- Collecting data -- Tabulating the results -- Methods of analysis -- Some individual studies -- An example of discourse variation.
650 #0 - المدخل الاضافى بالموضوع-مصطلح موضوعى
مصطلح موضوعي أو اسم جغرافي كعنصر مدخل Sociolinguistics
التقسيم الفرعي العام Research.
9 (RLIN) 4291
650 #0 - المدخل الاضافى بالموضوع-مصطلح موضوعى
مصطلح موضوعي أو اسم جغرافي كعنصر مدخل Quantitative research.
9 (RLIN) 4292
856 42 - الوصول و الموقع الالكترونى
مواد محددة Contributor biographical information
معرف المصدر الموحد <a href="http://www.loc.gov/catdir/enhancements/fy1003/2009517525-b.html">http://www.loc.gov/catdir/enhancements/fy1003/2009517525-b.html</a>
856 42 - الوصول و الموقع الالكترونى
مواد محددة Publisher description
معرف المصدر الموحد <a href="http://www.loc.gov/catdir/enhancements/fy1003/2009517525-d.html">http://www.loc.gov/catdir/enhancements/fy1003/2009517525-d.html</a>
856 41 - الوصول و الموقع الالكترونى
مواد محددة Table of contents only
معرف المصدر الموحد <a href="http://www.loc.gov/catdir/enhancements/fy1003/2009517525-t.html">http://www.loc.gov/catdir/enhancements/fy1003/2009517525-t.html</a>
906 ## - عنصر بيانات محلى F, LDF (RLIN)
a 7
b cbc
c copycat
d 2
e ncip
f 20
g y-gencatlg
942 ## - عناصر المدخل الإضافي( كوها)
مصدر التصنيف او مخطط الترفيف Dewey Decimal Classification
Koha [default] item type DVD
المقتنيات
حالة الفقد نموذج السعر الفعال حالة تلف ليس للاعارة رقم الطلب تاريخ الاكتساب الموقع الحالي الباركود الفرع الرئيسي Date last seen نوع المادة فى نظام كوها مصدر التصنيف او خطة الترفيف Total Checkouts
  2013-03-10     306.44072 MRQ 2011-09-11 قسم الاجراءات الفنية (IC) 00101576 قسم الاجراءات الفنية (IC) 2013-03-10 كتاب Dewey Decimal Classification  
  2013-03-10     306.44072 MRQ 2011-09-11 قسم الاجراءات الفنية (IC) 00101577 قسم الاجراءات الفنية (IC) 2013-03-10 كتاب Dewey Decimal Classification